| 000 | 00385nam a2200157Ia 4500 | ||
|---|---|---|---|
| 008 | 230711s9999||||xx |||||||||||||| ||und|| | ||
| 041 | _aENG | ||
| 082 |
_a720 _bMI-I |
||
| 100 | _aMitton,Maureen | ||
| 245 | 0 | _aInterior design : visual presentation | |
| 250 | _a4th Ed. | ||
| 260 |
_c2012 _aNew Jursey _bJohn Wiley & Sons.Inc |
||
| 300 | _a310 | ||
| 650 | _aArchitecture | ||
| 942 | _cBK | ||
| 999 |
_c5378 _d5378 |
||